[Event "Bouhjar BICA Rapid op 02nd"]
[Site "Bouhjar"]
[Date "2022.11.20"]
[Round "1"]
[White "Ben Saleh, Mohamed Najib"]
[Black "Mohamed Hedi, Nabli"]
[Result "0-1"]
[WhiteElo "1239"]
[BlackElo "1679"]
[PlyCount "62"]
[EventDate "2022.11.20"]
[EventType "swiss (rapid)"]
[EventRounds "9"]
[EventCountry "TUN"]
[SourceTitle "CBM 211 Extra"]
[Source "ChessBase"]
[SourceDate "2023.01.31"]
[SourceVersion "1"]
[SourceVersionDate "2023.01.31"]
[SourceQuality "1"]

1. e4 c5 2. f4 Nc6 3. Nf3 g6 4. c3 Bg7 5. Bc4 e6 6. a3 Nge7 7. 0-0 d5 8. exd5 exd5 9. Ba2 0-0 10. b4 cxb4 11. axb4 Nxb4 12. d4 Nxa2 13. Rxa2 Nc6 14. Qc2 Bf5 15. Qb2 Qc7 16. Na3 a6 17. Nh4 Bd3 18. Rd1 Be4 19. Nc2 Qe7 20. g3 Bf6 21. Ng2 Bxg2 22. Kxg2 Qe2+ 23. Kg1 Qxd1+ 24. Kf2 Rfe8 25. Ne3 Qh1 26. Nf1 b5 27. Bd2 Re4 28. Ra1 Nxd4 29. Be3 Qf3+ 30. Kg1 Ne2+ 31. Qxe2 Qxe2 0-1

[Event "TUN-ch Subsidiaire"]
[Site "Hammamet"]
[Date "2020.09.28"]
[Round "1"]
[White "Mohamed Hedi, Nabli"]
[Black "Jmila, Omar"]
[Result "0-1"]
[WhiteElo "1636"]
[BlackElo "2131"]
[PlyCount "31"]
[EventDate "2020.09.28"]
[EventType "swiss"]
[EventRounds "9"]
[EventCountry "TUN"]
[SourceTitle "CBM 198 Extra"]
[Source "ChessBase"]
[SourceDate "2020.11.30"]
[SourceVersion "1"]
[SourceVersionDate "2020.11.30"]
[SourceQuality "1"]

1. e4 e5 2. Nf3 Nc6 3. d4 exd4 4. Bc4 Be7 5. c3 Nf6 6. e5 Ne4 7. Bd5 Nc5 8. cxd4 Ne6 9. a3 Nb8 10. 0-0 c6 11. Be4 d5 12. Bc2 Nd7 13. Nc3 Ndf8 14. Be3 g5 15. Qd2 Ng6 16. Ne1 0-1